5HLuxD.jpg

KING HENRY VIII SENIOR AND PRIMARY SCHOOL LIBRARY OPAC

THE BORROWERS AVENGED (Record no. 4856)

000 -LEADER
fixed length control field 00320nam a22001217a 4500
008 - FIXED-LENGTH DATA ELEMENTS--GENERAL INFORMATION
fixed length control field 250325b ||||| |||| 00| 0 eng d
020 ## - INTERNATIONAL STANDARD BOOK NUMBER
International Standard Book Number 9780152047313
082 ## - DEWEY DECIMAL CLASSIFICATION NUMBER
Classification number 823.914 NOR
100 ## - MAIN ENTRY--PERSONAL NAME
Personal name NORTON,MARY
Relator term AUTHOR
245 ## - TITLE STATEMENT
Title THE BORROWERS AVENGED
260 ## - PUBLICATION, DISTRIBUTION, ETC.
Place of publication, distribution, etc. 195 BROADWAY,NEW YORK,NY 10007
Name of publisher, distributor, etc. HARPERCOLLINS
942 ## - ADDED ENTRY ELEMENTS (KOHA)
Source of classification or shelving scheme
Holdings
Withdrawn status Lost status Source of classification or shelving scheme Damaged status Not for loan Collection code Permanent Location Current Location Shelving location Date acquired Full call number Barcode Date last seen Price effective from Koha item type Public note
          Fiction KH8 Primary School Library KH8 Primary School Library Fiction 2025-03-25 E FIC NOR KHPL000006698 2025-12-05 2025-03-25 Books - Fiction KH8 PRIMARY LIBRARY

Powered By KH8 IT Dept